| 000 | 00708fam a2200253 a 4500 | ||
|---|---|---|---|
| 005 | 20260322212100.0 | ||
| 008 | data | ||
| 010 | _a 98016024 | ||
| 020 | _a0375400036 | ||
| 020 | _a9780375400032 | ||
| 040 |
_aDLC _cDLC _dDLC |
||
| 050 | 0 | 0 |
_aBM729.C6 _bL47 1998 |
| 092 | _a296.72 L47 1998 | ||
| 100 | 1 | _aLevy, Naomi. | |
| 245 | 1 | 0 |
_aTo begin again : _bthe journey toward comfort, strength, and faith in difficult times / _cNaomi Levy. |
| 250 | _a1st ed. | ||
| 260 |
_aNew York : _bAlfred A. Knopf, _c1998. |
||
| 300 |
_axii, 267 p. ; _c22 cm. |
||
| 600 | 1 | 0 | _aLevy, Naomi. |
| 650 | 0 | _aConsolation (Judaism) | |
| 650 | 0 |
_aBereavement _xJudaism. _xJudaism. |
|
| 650 | 0 | _aJewish way of life. | |
| 001 | data | ||
| 999 |
_c1440 _d1440 |
||